Countries That End in E - Statistics

General Stats
  • This quiz has been taken 346 times
  • The average score is 8 of 12
Answer Stats
Answer % Correct
Chile
92%
Suriname
86%
Belize
83%
Greece
82%
France
81%
Ukraine
66%
Zimbabwe
60%
Mozambique
57%
Cape Verde
56%
São Tomé and Príncipe
53%
Sierra Leone
52%
Singapore
40%
No matching quizzes found
Score Distribution
Percent of People with Each Score
Percentile by Number Answered
Your Score History
You have not taken this quiz